<?xml version="1.0" encoding="UTF-8"?><?xml-stylesheet type="text/xsl" href="static/style.xsl"?><OAI-PMH xmlns="http://www.openarchives.org/OAI/2.0/" xmlns:xsi="http://www.w3.org/2001/XMLSchema-instance" xsi:schemaLocation="http://www.openarchives.org/OAI/2.0/ http://www.openarchives.org/OAI/2.0/OAI-PMH.xsd"><responseDate>2026-04-29T01:50:35Z</responseDate><request verb="GetRecord" identifier="oai:repisalud.isciii.es:20.500.12105/13241" metadataPrefix="marc">https://repisalud.isciii.es/rest/oai/request</request><GetRecord><record><header><identifier>oai:repisalud.isciii.es:20.500.12105/13241</identifier><datestamp>2025-06-09T08:21:08Z</datestamp><setSpec>com_20.500.12105_2052</setSpec><setSpec>com_20.500.12105_2051</setSpec><setSpec>col_20.500.12105_19608</setSpec><setSpec>col_20.500.12105_19613</setSpec></header><metadata><record xmlns="http://www.loc.gov/MARC21/slim" xmlns:dcterms="http://purl.org/dc/terms/" xmlns:doc="http://www.lyncode.com/xoai" xmlns:xsi="http://www.w3.org/2001/XMLSchema-instance" xsi:schemaLocation="http://www.loc.gov/MARC21/slim http://www.loc.gov/standards/marcxml/schema/MARC21slim.xsd">
   <leader>00925njm 22002777a 4500</leader>
   <datafield ind2=" " ind1=" " tag="042">
      <subfield code="a">dc</subfield>
   </datafield>
   <datafield ind2=" " ind1=" " tag="720">
      <subfield code="a">Damian, Javier</subfield>
      <subfield code="e">author</subfield>
   </datafield>
   <datafield ind2=" " ind1=" " tag="720">
      <subfield code="a">Padron-Monedero, Alicia</subfield>
      <subfield code="e">author</subfield>
   </datafield>
   <datafield ind2=" " ind1=" " tag="720">
      <subfield code="a">Almazan-Isla, Javier</subfield>
      <subfield code="e">author</subfield>
   </datafield>
   <datafield ind2=" " ind1=" " tag="720">
      <subfield code="a">Garcia Lopez, Fernando Jose</subfield>
      <subfield code="e">author</subfield>
   </datafield>
   <datafield ind2=" " ind1=" " tag="720">
      <subfield code="a">Pedro-Cuesta, Jesus de</subfield>
      <subfield code="e">author</subfield>
   </datafield>
   <datafield ind2=" " ind1=" " tag="720">
      <subfield code="a">Pastor-Barriuso, Roberto</subfield>
      <subfield code="e">author</subfield>
   </datafield>
   <datafield ind2=" " ind1=" " tag="260">
      <subfield code="c">2021-07-13</subfield>
   </datafield>
   <datafield ind2=" " ind1=" " tag="520">
      <subfield code="a">Background. There is limited information about the association between disability and all-cause and cause-specific mortality among community-dwelling adults. Methods. We used baseline data from 162,381 adults who participated in a countrywide disability survey in 2008. A nationally representative sample was selected and interviewed in their homes. We present data on people aged 18 or over. Disability was considered as any substantial limitation found on a list of 44 life activities that have lasted or are expected to last more than 1 year and originate from an impairment. Cause-specific mortality data were obtained from the Spanish Statistical Office. Subjects contributed follow-up time from their baseline interview until death or the censoring date of 31stDecember 2017. We computed standardized rate ratios, with age, sex, living with a partner, and education level distribution of the total group as the standard population. Results. Adults with disability (11%) had an adjusted mortality rate more than twice as high as adults without disability [standardized rate ratio (SRR) (95% confidence interval): 2.37 (2.24-2.50)]. A clear higher mortality risk remained over 10-year follow-up. Mortality due to diseases of the nervous system [SRR 4.86 (3.93-6.01)], diseases of the musculoskeletal system [SRR 3.45 (2.18-5.47)], infectious diseases [SRR 3.38 (2.27-5.01)] and diabetes mellitus [SRR 3.56 (2.71-4.68)] was particularly high in those with disability. Conclusions. All-cause mortality rates are markedly higher among adults with disability. Preventive measures and health promotion initiatives are needed to reduce mortality risk in this population. Special attention should be paid to disabled people with certain specific diseases.</subfield>
   </datafield>
   <datafield ind1="8" ind2=" " tag="024">
      <subfield code="a">Damian J, Padron-Monedero A, Almazán-Isla J, García López FJ, Pedro-Cuesta J de, Pastor-Barriuso R. Association of disability with mortality in the Spanish adult non-institutionalized population. 2021. REPISALUD. http://hdl.handle.net/20.500.12105/13241</subfield>
   </datafield>
   <datafield ind1="8" ind2=" " tag="024">
      <subfield code="a">http://hdl.handle.net/20.500.12105/13241</subfield>
   </datafield>
   <datafield ind1="8" ind2=" " tag="024">
      <subfield code="a">10.4321/repisalud.13445</subfield>
   </datafield>
   <datafield tag="653" ind2=" " ind1=" ">
      <subfield code="a">Disability</subfield>
   </datafield>
   <datafield tag="653" ind2=" " ind1=" ">
      <subfield code="a">Mortality</subfield>
   </datafield>
   <datafield tag="653" ind2=" " ind1=" ">
      <subfield code="a">Cause of death</subfield>
   </datafield>
   <datafield ind2="0" ind1="0" tag="245">
      <subfield code="a">Association of disability with mortality in the Spanish adult non-institutionalized population</subfield>
   </datafield>
</record></metadata></record></GetRecord></OAI-PMH>